LIBRARY & INFORMATION CENTRE, KCAET, TAVANUR

ONLINE PUBLIC ACCESS CATALOGUE (OPAC)

Practical guide to colon classification / (Record no. 5735)

MARC details
000 -LEADER
fixed length control field 00495cam a2200193ua 4500
041 ## - LANGUAGE CODE
Language code of text/sound track or separate title eng
082 ## - DEWEY DECIMAL CLASSIFICATION NUMBER
Classification number 025.435
Item number NAV/PR
100 ## - MAIN ENTRY--AUTHOR NAME
Personal name Navalani, K .
245 ## - TITLE STATEMENT
Title Practical guide to colon classification /
250 ## - EDITION STATEMENT
Edition statement 1 /
260 ## - PUBLICATION, DISTRIBUTION, ETC. (IMPRINT)
Place of publication New Delhi :
Name of publisher Oxford & IBH Publishing company ,
Year of publication 1981.
300 ## - PHYSICAL DESCRIPTION
Number of Pages 207 ; .
700 1# - ADDED ENTRY--PERSONAL NAME
Personal name Gidwani, N N .
942 ## - ADDED ENTRY ELEMENTS (KOHA)
Koha item type Books
Holdings
Withdrawn status Lost status Damaged status Home library Current library Date acquired Full call number Accession Number Koha item type
      KAUAET KAUAET 07/04/2012 025.435 14660 Reference
free website counter